000 00350nam a2200133Ia 4500
008 240624s9999 xx 000 0 und d
041 _aeng
082 _a158.7 SPA
100 _aSPARROW TIM
245 _aAPPLIED EMOTIOANL INTELLIGENCE THE IMPOR
260 _c2006
_aSan Francisco
_bJossey-Bass
300 _axvi, , 312 , 25 : p. : cm.
365 _c
_b29
999 _c7328
_d7328